000 00530nam a2200181 i 4500
001 34259
003 ES-MaACL
005 20230906154913.0
007 t|
008 030204s1933 fr ||||1| fre d
100 1 _aBloch, Camille.
_929503
245 1 4 _aLes causes de la guerre mondiale
_b: précis historique /
_cCamille Bloch.
260 _aParís :
_bPaul Hartmann,
_c1933.
300 _a254 p., 8 lám. ;
_c19 cm.
650 0 4 _aGuerra mundial, 1914-1918.
_913212
852 _aES-MaACL
_jA-4063
852 _aES-MaACL
_jB-7788
999 _c34259
_d34259